| 000 | 00964nam a22002297a 4500 | ||
|---|---|---|---|
| 005 | 20240530110535.0 | ||
| 008 | 160329s2013 ua g 000 0 ara d | ||
| 017 |
_a2012/21325 _bمصر . دار الكتب المصرية |
||
| 020 | _a9789774280399 | ||
| 040 | _aEG-CaGPL | ||
| 082 | 0 | 4 |
_221 _a811.009\ _bأ ج |
| 100 | 0 | _aاسامة موسى . | |
| 245 | 1 | 0 |
_aجدل الذات و الاخر فى شعر المتنبى : _bدراسة فى بنية الدلالة / _cاسامة موسى . |
| 250 | _aط1. | ||
| 260 |
_aالقاهرة : _bمصر العربية للنشر و التوزيع _c2013 . |
||
| 300 |
_a319 ص ؛ _c24 سم . |
||
| 600 | 0 | _aابو الطيب المتنبى ، احمد بن الحسين بن الحسن | |
| 650 | 0 | 4 |
_aالشعر العربى _xتاؤيخ و نقد . |
| 650 | 0 | 4 |
_aالشعر العربى _xتاريخ _yالعصر العباسى الثانى . |
| 942 |
_2ddc _cBK |
||
| 999 |
_c62170 _d62170 |
||